Geological Time of Life - Statistics

General Stats
  • This quiz has been taken 38 times
  • The average score is 13 of 19
Answer Stats
Answer % Correct
Jurassic
95%
Triassic
91%
Cambrian
86%
Cretaceous
86%
Holocene
86%
Carboniferous
77%
Devonian
77%
Silurian
73%
Ordovician
68%
Permian
68%
Pleistocene
68%
Quaternary
68%
Paleogene
64%
Neogene
59%
Eocene
50%
Oligocene
50%
Paleocene
50%
Miocene
41%
Pliocene
41%
No matching quizzes found
Score Distribution
Percent of People with Each Score
Percentile by Number Answered
Your Score History
You have not taken this quiz